| 000 | 00434nam a22001697a 4500 | ||
|---|---|---|---|
| 005 | 20180530110635.0 | ||
| 008 | 160611b xxu||||| |||| 00| 0 eng d | ||
| 020 | _a9780706986082 | ||
| 041 | _aeng | ||
| 082 |
_b6809 _a519.5 |
||
| 100 |
_aChandan, T.S. and Others _94318 |
||
| 245 | _aBusiness Statictics | ||
| 260 |
_aNew Delhi _bVikas Publishing House (P) Ltd. _c1995 |
||
| 300 | _a447 | ||
| 650 |
_aManagement _9241 |
||
| 942 | _cBK | ||
| 999 |
_c2381 _d2380 |
||